| 000 | 00000cam 2200000zi 4500 |
| 001 | 9.960256 |
| 003 | CaOODSP |
| 005 | 20260515145008 |
| 006 | m o d f |
| 007 | cr cn||||||||| |
| 008 | 260223t20262026onc o f000 0 eng d |
| 020 | |a9780660985862 |
| 040 | |aCaOODSP|beng|erda|cCaOODSP |
| 043 | |an-cn--- |
| 086 | 1 |aSW21-173/1-2026E-PDF |
| 245 | 00|aManagement response and action plan for the Women's Program evaluation (December 2025). |
| 264 | 1|aOttawa, Ontario : |bWomen and Gender Equality Canada = Femmes et égalité des genres Canada, |c[2026] |
| 264 | 4|c©2026 |
| 300 | |a1 online resource (5 pages) |
| 336 | |atext|btxt|2rdacontent |
| 337 | |acomputer|bc|2rdamedia |
| 338 | |aonline resource|bcr|2rdacarrier |
| 500 | |aIssued also in French under title: Réponse de la direction et plan d'action pour l'évaluation du Programme de promotion de la femme (décembre 2025). |
| 610 | 10|aCanada. Women and Gender Equality Canada|xEvaluation. |
| 650 | 0|aWomen's rights|xGovernment policy|zCanada. |
| 650 | 0|aSex discrimination against women|xGovernment policy|zCanada. |
| 710 | 1 |aCanada. |bWomen and Gender Equality Canada, |eissuing body. |
| 775 | 08|tRéponse de la direction et plan d'action pour l'évaluation du Programme de promotion de la femme (décembre 2025).|w(CaOODSP)9.960257 |
| 795 | |tWomen's Program evaluation report and management response |w(CaOODSP)9.853469 |
| 856 | 40|qPDF|s467 KB|uhttps://publications.gc.ca/collections/collection_2026/fegc-wage/SW21-173-1-2026-eng.pdf |
| 856 | 4 |qHTML|sN/A|uhttps://www.canada.ca/en/women-gender-equality/transparency/evaluation-reports/womens-program-evaluation/wp-management-response-action-plan.html |